Uks Most Capped International Players - Statistics

General Stats
  • This quiz has been taken 22 times
  • The average score is 19 of 50
Answer Stats
Caps Country Player % Correct
120 England Wayne Rooney
95%
115 England David Beckham
85%
106 England Frank Lampard
85%
111 Wales Gareth Bale
85%
86 England Harry Kane
80%
114 England Steven Gerrard
80%
84 Wales Aaron Ramsey
75%
107 England Ashley Cole
65%
89 England Michael Owen
65%
125 England Peter Shilton
65%
81 England Rio Ferdinand
65%
108 England Bobby Moore
60%
85 England Gary Neville
60%
78 England John Terry
55%
102 Scotland Kenny Dalglish
55%
106 England Bobby Charlton
50%
112 Northern Ireland Aaron Hughes
45%
82 England Raheem Sterling
45%
80 Wales Ben Davies
40%
85 Wales Gary Speed
40%
104 Northern Ireland Jonny Evans
40%
92 Wales Neville Southall
40%
119 Northern Ireland Pat Jennings
40%
105 England Billy Wright
35%
80 England Gary Lineker
35%
78 England Jordan Henderson
35%
77 England Terry Butcher
35%
78 England Kyle Walker
30%
108 Wales Wayne Hennessey
30%
90 England Bryan Robson
25%
78 Wales Craig Bellamy
25%
140 Northern Ireland Steve Davis
25%
86 Wales Ashley Williams
20%
80 Scotland Darren Fletcher
20%
79 England John Barnes
20%
78 England Stuart Pearce
20%
109 Wales Chris Gunter
15%
95 Northern Ireland David Healy
15%
80 Northern Ireland Gareth McAuley
15%
86 England Kenny Sansom
15%
89 Northern Ireland Kyle Lafferty
15%
84 England Ray Wilkins
15%
79 Northern Ireland Chris Baird
10%
91 Scotland Jim Leighton
10%
77 Wales Joe Ledley
10%
86 Northern Ireland Keith Gillespie
10%
88 Northern Ireland Maik Taylor
10%
88 Northern Ireland Sammy McIlroy
10%
77 Scotland Alex McLeish
5%
91 Northern Ireland Mal Donaghly
0%
No matching quizzes found
Score Distribution
Percent of People with Each Score
Percentile by Number Answered
Your Score History
You have not taken this quiz